000 00721nam a2200265 a 4500
001 60209
003 CO-BoRNBP
005 20251215150923.0
007 ta
008 990326s1999 ck gr 000 j spa
020 _a9582000147 (colección)
020 _a9582004622
040 _aCO-BoBN
_bspa
_cCO-BoBN
082 0 4 _a891.73
_220
084 _aC DOS
100 1 _aDostoievski, Fedor Mijailovich,
_d1821-1881
_968009
245 1 0 _aNoches blancas /
_cFedor Dostoievski
250 _a1a. ed.
300 _a118 p. ;
_c20 cm
336 _2rdacontent
_atexto
_btxt
337 _2rdamedia
_asin mediación
_bn
338 _2rdacarrier
_avolumen
_bnc
650 1 4 _aCuentos rusos
_ySiglo XIX
_2LEMB
_963455
942 _2ddc
_cBK
999 _c60209
_d60209